|
|
|
|
| LEADER |
00000nam0a2200000 4500 |
| 001 |
289866 |
| 005 |
20231102000228.0 |
| 020 |
|
|
|a RU
|b 83-75201
|
| 035 |
|
|
|a (RuTPU)RU\TPU\book\314387
|
| 090 |
|
|
|a 289866
|
| 100 |
|
|
|a 20150402d1983 k y0rusy5003 ca
|
| 101 |
0 |
|
|a rus
|
| 102 |
|
|
|a RU
|
| 105 |
|
|
|a a z 001zy
|
| 200 |
1 |
|
|a Геология и сейсмичность зоны БАМ (от Байкала до Тынды). Структурно-вещественные комплексы и тектоника
|f Академия наук СССР (АН СССР), Сибирское отделение (СО), Институт земной коры (ИЗК) ; под ред. М. М. Мандельбаума
|
| 210 |
|
|
|a Новосибирск
|c Наука
|d 1983
|
| 215 |
|
|
|a 189 с.
|c ил.
|
| 320 |
|
|
|a Библиогр.: с. 182-188
|
| 606 |
1 |
|
|a Геология
|2 stltpush
|3 (RuTPU)RU\TPU\subj\6095
|9 34054
|
| 606 |
1 |
|
|a Горные породы
|2 stltpush
|3 (RuTPU)RU\TPU\subj\7929
|9 35440
|
| 606 |
1 |
|
|a Тектоника
|2 stltpush
|3 (RuTPU)RU\TPU\subj\58770
|9 76521
|
| 610 |
1 |
|
|a тектонические исследования
|
| 610 |
1 |
|
|a морфология
|
| 610 |
1 |
|
|a разломы
|
| 610 |
1 |
|
|a земная кора
|
| 610 |
1 |
|
|a структура
|
| 610 |
1 |
|
|a развитие
|
| 610 |
1 |
|
|a эндогенные режимы
|
| 610 |
1 |
|
|a эволюция
|
| 610 |
1 |
|
|a литосфера
|
| 610 |
1 |
|
|a сейсмичность
|
| 675 |
|
|
|a 55
|v 4
|
| 675 |
|
|
|a 552
|v 4
|
| 675 |
|
|
|a 551.24
|v 4
|
| 702 |
|
1 |
|a Мандельбаум
|b М. М.
|g Марк Миронович
|4 340
|
| 712 |
0 |
2 |
|a Академия наук СССР (АН СССР)
|b Сибирское отделение (СО)
|b Институт земной коры (ИЗК)
|c (Иркутск)
|c (1957-1962)
|2 stltpush
|3 (RuTPU)RU\TPU\col\11543
|
| 801 |
|
0 |
|a RU
|b RuMRKP
|c 19950704
|g psbo
|
| 801 |
|
1 |
|a RU
|b 63413507
|c 20150402
|
| 801 |
|
2 |
|a RU
|b 63413507
|c 20170710
|g RCR
|
| 942 |
|
|
|c BK
|